000
00298nam a22000977a 4500
008
150616b xxu||||| |||| 00| 0 eng d
010
_8
HCCRSF:002
245
_a
HIGH COURT CRIMINAL SESSION NO.21 OF 1969 Uganda Vs Edward Kabeba
260
_a
High Court Kampala
500
_3
BEFORE: Hon. Mr. Justice Youds
999
_c
6214
_d
6214